Engineering economy (Record no. 1549)

000 -LEADER
fixed length control field 00674nam a22002294a 4500
001 - CONTROL NUMBER
control field 1549
003 - CONTROL NUMBER IDENTIFIER
control field BD-DhUET
008 - FIXED-LENGTH DATA ELEMENTS--GENERAL INFORMATION
fixed length control field 000424s2001 njua b 001 0 eng
020 ## - INTERNATIONAL STANDARD BOOK NUMBER
International Standard Book Number 013028128X
040 ## - CATALOGING SOURCE
Original cataloging agency DLC
Transcribing agency DLC
Modifying agency BD-DhUET
082 00 - DEWEY DECIMAL CLASSIFICATION NUMBER
Classification number 620.02
Item number THU/2001
100 ## - MAIN ENTRY--PERSONAL NAME
Personal name Thuesen, G. J.
245 10 - TITLE STATEMENT
Title Engineering economy
Statement of responsibility, etc. by G.J. Thuesen and W.J. Fabrycky
250 ## - EDITION STATEMENT
Edition statement 9th ed.
260 ## - PUBLICATION, DISTRIBUTION, ETC. (IMPRINT)
Place of publication, distribution, etc. New Jersy
Name of publisher, distributor, etc. Prentice Hall
Date of publication, distribution, etc. 2001
300 ## - PHYSICAL DESCRIPTION
Extent xiv, 637 p.
Other physical details ill.
Dimensions 25 cm.
490 ## - SERIES STATEMENT
Series statement Prentice hall international series in industrial and sytems engineering
504 ## - BIBLIOGRAPHY, ETC. NOTE
Bibliography, etc Includes bibliographies
650 #0 - SUBJECT ADDED ENTRY--TOPICAL TERM
Topical term or geographic name as entry element Engineering economy
700 1# - ADDED ENTRY--PERSONAL NAME
Personal name Fabrycky, W. J.
942 ## - ADDED ENTRY ELEMENTS (KOHA)
Koha item type General Book
Holdings
Koha issues (times borrowed) Koha date last borrowed Koha date last seen Sublocation or collection (holding branch) Damaged status Date acquired Piece designation (barcode) Shelving location Koha item type Lost status Not for loan Source of classification or shelving scheme Location (home branch) Price effective from Koha normalized classification for sorting Copy number Koha full call number Withdrawn status
  2014-09-08Central Library, BUET 2014-09-08102596Circulation sectionGeneral Book   Central Library, BUET2014-09-08620_000000000000000_02THU20011620.02/THU/2001 
  2014-09-08Central Library, BUET 2014-09-08102594Circulation sectionGeneral Book   Central Library, BUET2014-09-08620_000000000000000_02THU20012620.02/THU/2001 
12021-11-292021-12-20Central Library, BUET 2014-09-08102590Circulation sectionGeneral Book   Central Library, BUET2014-09-08620_000000000000000_02THU20013620.02/THU/2001 
  2014-09-08Central Library, BUET 2014-09-08102595Circulation sectionGeneral Book   Central Library, BUET2014-09-08620_000000000000000_02THU20014620.02/THU/2001 
  2014-09-08Central Library, BUET 2014-09-08102589Circulation sectionGeneral Book   Central Library, BUET2014-09-08620_000000000000000_02THU20015620.02/THU/2001 
  2014-09-08Central Library, BUET 2014-09-08102588Circulation sectionGeneral Book   Central Library, BUET2014-09-08620_000000000000000_02THU20016620.02/THU/2001 
22022-03-212022-04-16Central Library, BUET 2014-09-08102592Circulation sectionGeneral Book   Central Library, BUET2014-09-08620_000000000000000_02THU20018620.02/THU/2001 
  2014-09-08Central Library, BUET 2014-09-08102591Circulation sectionGeneral Book   Central Library, BUET2014-09-08620_000000000000000_02THU20019620.02/THU/2001 
  2014-09-15Central Library, BUET 2014-09-15102593Circulation sectionGeneral Book   Central Library, BUET2014-09-15620_000000000000000_02THU200110620.02/THU/2001 
32021-12-042021-12-20Central Library, BUET 2014-09-27101877Circulation sectionGeneral Book   Central Library, BUET2014-09-27620_000000000000000_02THU200111620.02/THU/2001 
  2014-10-19Central Library, BUET 2014-10-19112838Circulation sectionGeneral Book   Central Library, BUET2014-10-19620_000000000000000_02THU200112620.02/THU/2001 
  2014-11-23Central Library, BUET 2014-11-23101878Circulation sectionGeneral Book   Central Library, BUET2014-11-23620_020000000000000_THU_200113620.02/THU/2001